| 000 | 00609nam a2200229 a 4500 | ||
|---|---|---|---|
| 001 | BRCA_7906 | ||
| 005 | 20190320210039.0 | ||
| 008 | 170214s1957----sp-a######---#000-0#spa-# | ||
| 041 | _aspa | ||
| 044 | _asp | ||
| 050 | 4 |
_aNK2715 _b.F43 1957 |
|
| 100 | 1 |
_aFeduchi, Luis M. _911958 |
|
| 245 | 1 | 0 |
_aAntología de la silla española _cLuis M. Feduchi. |
| 260 |
_aMadrid _bA. Aguado _cc1957 |
||
| 300 |
_a45 p. _bil., 189 láminas _c30 cm. |
||
| 440 | 0 |
_aDecoración y hogar _v1 _919554 |
|
| 500 | _aY189 | ||
| 650 | 1 | 4 |
_aSillas _919555 |
| 650 | 1 | 4 |
_aMuebles españoles _919556 |
| 902 | _aGFM | ||
| 942 |
_2lcc _cB |
||
| 999 |
_c7578 _d7578 |
||